| 000 | 00802nam a2200265 i 4500 | ||
|---|---|---|---|
| 005 | 20260322212019.0 | ||
| 008 | data | ||
| 010 | _a 78061808 | ||
| 020 | _a0913948233 | ||
| 020 | _a9780913948231 | ||
| 040 |
_aDLC _cDLC _dDLC |
||
| 050 | 0 | 0 |
_aQL759 _b.T36 |
| 082 | 0 | 0 | _a591.5/7 |
| 092 | _a591.5 T36 1978 | ||
| 100 | 1 | _aTanner, Ogden. | |
| 245 | 1 | 0 |
_aAnimal defenses : _bbased on the television series Wild, wild world of animals / _cOgden Tanner. |
| 260 |
_a[New York] : _bTime-Life Films, _cc1978. |
||
| 300 |
_a128 p. : _bill. ; _c28 cm. |
||
| 440 | 0 | _aWild, wild world of animals | |
| 500 | _aA Time-Life Television book; consultants, Colin Beer, Eric Quinter, Richard G. Zweifel. | ||
| 500 | _aIncludes index. | ||
| 504 | _aBibliography: p. 126. | ||
| 650 | 0 | _aAnimal defenses. | |
| 001 | data | ||
| 999 |
_c417 _d417 |
||